Звукоподражание в китайском языке. К постановке вопроса; Молодой ученый; № 7
| Parent link: | Молодой ученый: ежемесячный научный журнал.— , 2008- № 7.— 2015.— [С. 955-958] |
|---|---|
| Main Author: | |
| Corporate Author: | |
| Other Authors: | , |
| Summary: | Заглавие с экрана Режим доступа: по договору с организацией-держателем ресурса |
| Language: | Russian |
| Published: |
2015
|
| Series: | Филология |
| Subjects: | |
| Online Access: | http://www.moluch.ru/archive/87/17079/ http://elibrary.ru/item.asp?id=23287459 |
| Format: | Electronic Book Chapter |
| KOHA link: | https://koha.lib.tpu.ru/cgi-bin/koha/opac-detail.pl?biblionumber=642182 |
MARC
| LEADER | 00000nla0a2200000 4500 | ||
|---|---|---|---|
| 001 | 642182 | ||
| 005 | 20250124163414.0 | ||
| 035 | |a (RuTPU)RU\TPU\network\7121 | ||
| 035 | |a RU\TPU\network\7119 | ||
| 090 | |a 642182 | ||
| 100 | |a 20150616d2015 k||y0rusy50 ca | ||
| 101 | 0 | |a rus | |
| 102 | |a RU | ||
| 135 | |a drcn ---uucaa | ||
| 181 | 0 | |a i | |
| 182 | 0 | |a b | |
| 200 | 1 | |a Звукоподражание в китайском языке. К постановке вопроса |f А. А. Казарян, А. Э. Сенцов, У. В. Хоречко | |
| 203 | |a Текст |c электронный | ||
| 225 | 1 | |a Филология | |
| 300 | |a Заглавие с экрана | ||
| 320 | |a [Библиогр.: с. 958 (5 назв.)] | ||
| 333 | |a Режим доступа: по договору с организацией-держателем ресурса | ||
| 461 | |t Молодой ученый |o ежемесячный научный журнал |d 2008- | ||
| 463 | |t № 7 |v [С. 955-958] |d 2015 | ||
| 610 | 1 | |a электронный ресурс | |
| 610 | 1 | |a труды учёных ТПУ | |
| 610 | 1 | |a китайский язык | |
| 610 | 1 | |a звукоподражание | |
| 610 | 1 | |a лексико-семантическая система | |
| 610 | 1 | |a лексика | |
| 610 | 1 | |a ономатопея | |
| 700 | 1 | |a Казарян |b А. А. |g Арегназ Арсеновна | |
| 701 | 1 | |a Сенцов |b А. Э. |c лингвист |c доцент Томского политехнического университета, кандидат политических наук |f 1983- |g Аркадий Эдуардович |3 (RuTPU)RU\TPU\pers\27933 |9 12936 | |
| 701 | 1 | |a Хоречко |b У. В. |c лингвист |c доцент Томского политехнического университета, кандидат филологических наук |f 1982- |g Ульяна Викторовна |3 (RuTPU)RU\TPU\pers\32475 |9 16423 | |
| 712 | 0 | 2 | |a Национальный исследовательский Томский политехнический университет (ТПУ) |b Институт природных ресурсов (ИПР) |b Кафедра иностранных языков (ИЯПР) |3 (RuTPU)RU\TPU\col\18662 |
| 801 | 2 | |a RU |b 63413507 |c 20150619 |g RCR | |
| 856 | 4 | 0 | |u http://www.moluch.ru/archive/87/17079/ |
| 856 | 4 | 0 | |u http://elibrary.ru/item.asp?id=23287459 |
| 942 | |c CF | ||